<?xml version="1.0" encoding="UTF-8"?><?xml-stylesheet type="text/xsl" href="static/style.xsl"?><OAI-PMH xmlns="http://www.openarchives.org/OAI/2.0/" xmlns:xsi="http://www.w3.org/2001/XMLSchema-instance" xsi:schemaLocation="http://www.openarchives.org/OAI/2.0/ http://www.openarchives.org/OAI/2.0/OAI-PMH.xsd"><responseDate>2026-06-01T02:18:16Z</responseDate><request verb="GetRecord" identifier="oai:riuma.uma.es:10630/30194" metadataPrefix="marc">https://riuma.uma.es/rest/oai/request</request><GetRecord><record><header><identifier>oai:riuma.uma.es:10630/30194</identifier><datestamp>2026-02-03T11:33:52Z</datestamp><setSpec>com_10630_2254</setSpec><setSpec>col_10630_37953</setSpec></header><metadata><record xmlns="http://www.loc.gov/MARC21/slim" xmlns:dcterms="http://purl.org/dc/terms/" xmlns:doc="http://www.lyncode.com/xoai" xmlns:xsi="http://www.w3.org/2001/XMLSchema-instance" xsi:schemaLocation="http://www.loc.gov/MARC21/slim http://www.loc.gov/standards/marcxml/schema/MARC21slim.xsd">
   <leader>00925njm 22002777a 4500</leader>
   <datafield ind2=" " ind1=" " tag="042">
      <subfield code="a">dc</subfield>
   </datafield>
   <datafield ind2=" " ind1=" " tag="720">
      <subfield code="a">Blanco-Arana, María del Carmen</subfield>
      <subfield code="e">author</subfield>
   </datafield>
   <datafield ind2=" " ind1=" " tag="260">
      <subfield code="c">2020-10-01</subfield>
   </datafield>
   <datafield ind2=" " ind1=" " tag="520">
      <subfield code="a">In the midst of adverse effects from the COVID-19 pandemic, the global economy has been confronted with new challenges, among which is an increase in mortality as a consequence of the virus. The main objective of this article is to examine the socio-economic factors influencing the evolution of mortality in Europe in the 21st century, using a panel data for a fixed effects model. The findings suggest that the determinants most strongly connected to the evolution of mortality in Europe include: inequality, the number of beds available in hospitals and the unemployment rate. These results further highlight the importance of developing specific strategies to control these factors, and to assist developed economies in order to face potential economic and health crises, like the current pandemic, more effectively in the future.</subfield>
   </datafield>
   <datafield ind1="8" ind2=" " tag="024">
      <subfield code="a">Blanco Arana, M. C. (2020). Socio-economic Factors on the Evolution of Mortality in Europe in the XXI Century: Policy Proposals to Face the COVID-19 Crisis. Revista De Economía Mundial, (56). https://doi.org/10.33776/rem.v0i56.4854</subfield>
   </datafield>
   <datafield ind1="8" ind2=" " tag="024">
      <subfield code="a">https://hdl.handle.net/10630/30194</subfield>
   </datafield>
   <datafield ind1="8" ind2=" " tag="024">
      <subfield code="a">10.33776/rem.v0i56.4854</subfield>
   </datafield>
   <datafield tag="653" ind2=" " ind1=" ">
      <subfield code="a">COVID-19 - Mortalidad - Europa</subfield>
   </datafield>
   <datafield ind2="0" ind1="0" tag="245">
      <subfield code="a">Socio-economic Factors on the Evolution of Mortality in Europe in the XXI Century: Policy Proposals to Face the COVI D-19 Crisis</subfield>
   </datafield>
</record>
</metadata></record></GetRecord></OAI-PMH>